| 000 | 00872nam a22002297a 4500 | ||
|---|---|---|---|
| 999 |
_c3648 _d3648 |
||
| 003 | AR-CdUCM | ||
| 008 | 190307b ||||| |||| 00| 0 spa d | ||
| 040 |
_aMUNICIPALIDAD PROVINCIAL DEL CUSCO _cBIBLIOTECA MUNICIPAL DEL CUSCO |
||
| 082 |
_a985.12 / _bA68 |
||
| 100 |
_aArévalo, Jorge _911881 |
||
| 245 |
_aPiura : _blas parcelaciones un asunto candente / |
||
| 260 |
_aCusco : _bCentro Bartolome de las Casas, _c1984. |
||
| 300 |
_a50 páginas ; _bImágenes. _c21.5 cm. |
||
| 440 |
_aCuadernos para el debate regional _n25 _95256 |
||
| 505 | _aContenido: Hablando y caminando por las cooperativas de Piura -- Pensando sobre los nuestro -- Diferencia entre los valles. | ||
| 650 |
_aCooperativas agrícolas _95825 |
||
| 650 |
_aReforma agraria _91861 |
||
| 650 |
_aProducción en Piura _911882 |
||
| 700 |
_aRevesz, Bruno _911883 |
||
| 942 |
_2ddc _cLIBROS |
||
| 945 | _aafb | ||